| 000 | 00488nam a2200157Ia 4500 | ||
|---|---|---|---|
| 008 | 210716s2002 xx 000 0 und d | ||
| 020 | _a0130903000 | ||
| 041 | _aeng | ||
| 082 | _a519.5 BERM | ||
| 100 | _aBerenson, Mark L;Levine, David M;Krehbiel, Timothy C. | ||
| 245 |
_aBasic business statistics: concepts and applications. _bConcepts and applications. |
||
| 250 | _a8 | ||
| 260 |
_aNew Jersey _bPrentice Hall _c2002 |
||
| 300 | _axx,851 | ||
| 650 | _aStatistical Mathematics(519.5) | ||
| 999 |
_c202899 _d202899 |
||